| 000 | 00298 a2200097 4500 | ||
|---|---|---|---|
| 090 |
_c6435 _d6435 |
||
| 245 |
_aExpedition PCB introduction ( student workbook) [Manual] _cMentor Graphics Co. |
||
| 260 |
_aU S A : _bMentor Graphics Co., _c2009. |
||
| 300 |
_a346 p. : _bill. ; _c27 cm. |
||
| 942 |
_cBK _k006.6 MEN |
||
| 999 |
_c10266 _d10266 |
||